Historia de la literatura dominicana: premio nacional de obras didácticas 1956 / Joaquín Balaguer (Registro nro. 2794)

Detalles MARC
000 -LEADER
fixed length control field 00603nam a22002051a 4500
001 - CONTROL NUMBER
control field 2794
003 - CONTROL NUMBER IDENTIFIER
control field OSt
005 - DATE AND TIME OF LATEST TRANSACTION
control field 20260204211826.0
008 - FIXED-LENGTH DATA ELEMENTS--GENERAL INFORMATION
fixed length control field 040325s1992||||dr ||||||b||||||||||spa||
050 ## - LIBRARY OF CONGRESS CALL NUMBER
Classification number RD 860.7293 B181h
082 ## - DEWEY DECIMAL CLASSIFICATION NUMBER
Classification number RD 800.7293 B181h
100 ## - ASIENTO PRINCIPAL -- NOMBRE PERSONAL
Personal name Balaguer, Joaquín
245 ## - TÍTULO PROPIAMENTE DICHO: SUBTÍTULO
Title Historia de la literatura dominicana: premio nacional de obras didácticas 1956 / Joaquín Balaguer
250 ## - MENCIÓN DE EDICIÓN
Edition statement 8
264 ## - PRODUCTION, PUBLICATION, DISTRIBUTION, MANUFACTURE, AND COPYRIGHT NOTICE
Place of production, publication, distribution, manufacture Santo Domingo : Corripio
300 ## - PHYSICAL DESCRIPTION
Extensión 365 p.
500 ## - GENERAL NOTE
General note Incluye indice
650 ## - ASIENTO SECUNDARIO DE MATERIA -- TERMINO TEMÁTICO
Termino Temático Como Elemento de Entrada 1.Literatura - República Dominicana 2.Literatura HistoriaÌ
942 ## - ADDED ENTRY ELEMENTS (KOHA)
Source of classification or shelving scheme Dewey Decimal Classification
Koha item type Libros
Existencias
Withdrawn status Lost status Source of classification or shelving scheme Damaged status Not for loan Current library Date acquired Total Checkouts Full call number Barcode Date last seen Price effective from Koha item type
    Dewey Decimal Classification     Biblioteca UTECO 09/09/2019   RD 860.7293 B181H 005658 09/09/2019 09/09/2019 Libros
© 2021 Derechos Reservados UTECO - Teléfono: +1 809-585-2291 - Correo electrónico: biblioteca@uteco.edu.do​  
Código postal 43000 ​​
Dirección: Avenida Universitaria No. 100, 
Cotuí, Provincia Sánchez Ramírez, República Dominicana - RNC: 404-00059-6